000 00441nam a2200181Ia 4500
005 20240823043716.0
008 240823s9999||||xx |||||||||||||| ||und||
041 _aENGLISH
082 _A621.381528 N1
100 _a"Gelder,Erich"
245 4 _aThe Transistor as a Switch (SIMENS)
250 _a1st
260 _c1991
_b"Wiley,New Delhi"
500 _aTRANSFERED
650 _aTransistor
_bElectronics
942 _cBK
999 _c210855
_d210855